000 00616nam a2200217Ia 4500
003 OSt
005 20221007083245.0
006 a|||||r|||| 00| 0
007 ta
008 221006b |||||||| |||| 00| 0 eng d
024 _a38,466
037 _cTheseses
040 _aFLL
_cFLL
_beng
041 _2eng
_aeng
100 _aSekhon Geeta
_9538839
245 0 _aChild sexual abuse and its various forms
_b A comparative study of the law and legal procedures in India and western countries
260 _c2006
300 _axxiv,588p
_ccm.
942 _cDIS
_2CC
999 _c1169414
_d1169414